Регионална библиотека "Любен Каравелов" - Русе

Седемте чудеса на света (Запис номер 3070)

MARC детайли
000 -Лидер
Контролно поле с фиксирана дължина 02089nam a2200397 c 4500
003 - Код на организацията, давaща контролен номер
Контролно поле BLK
005 - Дата и час на последна редакция
Контролно поле 20231023162200.0
008 - Елементи от данни с фиксирана дължина
fixed length control field 180412b bul|||||r ||||||| ||bul||
010 ## - Наследен системен номер
LC control number KNG00004119000
020 ## - Международен стандартен номер на книга ISBN
Международен стандартен номер на книга ISBN 954-584-200-8
-- издат.: Абагар Холдинг
040 ## - Източник на каталожния запис
Идентификатор на билиотеката - собственик на записа BLK
041 ## - Код за език
Код за езика на текст/звукозапис или на отделно заглавие Български
Код за езика КДБФ Български
080 ## - УДК
Текстов определител УДК Паметници на културата на историческите периоди. Археологическите паметници. Старини
УДК код - определител по УДК 904
УДК определител
УДК - код + определител 904
080 ## - УДК
Текстов определител УДК Стара и антична история
УДК код - определител по УДК 931
УДК определител
УДК - код + определител 931
080 ## - УДК
Текстов определител УДК Разпространяване на научните знания - популяризиране на науката, занимателна наука, учение за явленията научно необяснени, заблуждения и фалшификации, илюзии и др. п., секретност на научните знания
УДК код - определител по УДК 001.9
УДК определител
УДК - код + определител 001.9
100 1# - Редна дума - Автор
Автор Роумър, Джон
Авторска отговорност първи автор
R(LIN) 246734
139 ## - Редно поле
Редна дума Роумър, Джон и др.
Авторски знак Рот - Р 87
245 10 - Сведения за заглавието
Заглавие Седемте чудеса на света
Подзаглавни данни История на съвр. въображение
Редно поле (дума) Джон Роумър; съавт. Елизабет Роумър; прев. от англ. Петър Филев.
257 ## - Страна на издаване
Страна на създаване/издаване Великобритания
260 ## - Област на издателските данни
-- София
Име на издателя, разпространителя и проч. Абагар Холдинг
Година на издаване 1996
300 ## - Физическа характеристика
Страници 287 с.
Илюстрации и др. с ил.
Размери/Мащаб 24 см
380 ## - Жанр
Жанр История
650 #4 - Допълнително описание по предмет – тема
Основно описание – тема или топоним Археологически паметници
9 (RLIN) 243363
650 #4 - Допълнително описание по предмет – тема
Основно описание – тема или топоним Древен свят - история
9 (RLIN) 243364
650 #4 - Допълнително описание по предмет – тема
Основно описание – тема или топоним Природни явления
9 (RLIN) 243365
653 ## - Ключова дума – ненормативна
Ключова дума археологически паметници
653 ## - Ключова дума – ненормативна
Ключова дума древен свят
700 1# - Други автори (авторска отговорност)
Лично име Роумър, Елизабет
Автороска отговорност (Описва отношението между автора и произведението) съавт.
9 (RLIN) 246735
700 1# - Други автори (авторска отговорност)
Лично име Филев, Петър
Автороска отговорност (Описва отношението между автора и произведението) прев. от англ.
9 (RLIN) 246736
852 ## - Местоположение
Форматна сигнатура Цб 190481
856 4# - Електронен адрес и достъп
Електронен формат pdf - файл
Път до файла /url/
856 4# - Електронен адрес и достъп
Електронен формат pdf - файл
Път до файла /url/
942 ## - АРТИКУЛИ
Вид на библиотечния материал Книги
Скрит в OPAC Не
Koha issues (borrowed), all copies 4
944 ## - СЪЗДАВАНЕ И РЕДАКЦИЯ на ЗАПИСА
Създаване/Редакция Създаване
Дата на регистрацията/редакция 25.02.2004
Служител, извършил регистрацията/редакцията 30532
Статус, дата на статуса Мира Стойчева
944 ## - СЪЗДАВАНЕ И РЕДАКЦИЯ на ЗАПИСА
Създаване/Редакция Редакция
Дата на регистрацията/редакция 19.04.2004
Служител, извършил регистрацията/редакцията
999 ## - СИСТЕМНИ КОНТРОЛНИ НОМЕРА
Koha biblionumber 3070
Koha biblioitemnumber 3070
Наличности
Код за отписване Код за изгубен артикул Източник на класификационната схема Код за повреда Коз за рестрикции Код за отдаване Артикулен № Име на библиотеката - собственик Име на библиотеката, в която се намира в момента Статус (Текущо местоположение) Дата на вписване в системата Местоположение - отдел Цена в лева Инвентарен номер Систематично азбучна сигнатура Баркод Номер на екземпляра Цена в евро Служебна бележка Служебен тип на артикула
  Не е изгубен Universal Decimal Classification Не е повреден без рестрикции ползва се в читалня 5577 Регионална библиотека "Любен Каравелов" Русе Регионална библиотека "Любен Каравелов" Русе Хранилище 1996-01-01 Хранилище 0.00 627122 Цб 190481 120000627122 1 0.00 Дост: Dp Вид: Д N: стар фонд Дата: 01.01.1996 Книги
  Не е изгубен Universal Decimal Classification Не е повреден без рестрикции заемане за дома 5578 Регионална библиотека "Любен Каравелов" Русе Регионална библиотека "Любен Каравелов" Русе Заемна - подръчен фонд 1996-01-01 Заемна - подръчен фонд 3.36 627369 904/Р 87 120000627369 2 1.72 Дост: Pk Вид: Ф N: стар фонд Дата: 01.01.1996 Дата инв: 07.02.2018 Бележки инв: П2018 Книги
  Не е изгубен Universal Decimal Classification Не е повреден без рестрикции заемане за дома 5579 Регионална библиотека "Любен Каравелов" Русе Регионална библиотека "Любен Каравелов" Русе Детски отдел 1996-01-01 Детски отдел 3.36 627370 ДН 9/Р 87 120000627370 3 1.72 Дост: Pk Вид: Ф N: стар фонд Дата: 01.01.1996 Дата инв: 05.10.2015 Бележки инв: Д2015 Книги
Vip Innovations Ltd, Rousse, Bulgaria 2025